راجہ صاحب / (Record no. 108444)

MARC details
000 -LEADER
fixed length control field 00696nam a22002417a 4500
005 - DATE AND TIME OF LATEST TRANSACTION
control field 20200129143235.0
010 ## - LCCN (DPL NO)
LC control number 327412
020 ## - INTERNATIONAL STANDARD BOOK NUMBER
Terms of availability 00.00
035 ## - SYSTEM CONTROL NUMBER
System control number 327412
037 ## - SOURCE OF ACQUISITION
Source of stock number/acquisition Cen Lib/Ret
082 ## - DEWEY DECIMAL CLASSIFICATION NUMBER
Classification number 847
100 ## - MAIN ENTRY--PERSONAL NAME
Personal name شوکت تھانوی
245 ## - TITLE STATEMENT
Title راجہ صاحب /
Statement of responsibility, etc شوکت تھانوی
246 ## - VARYING FORM OF TITLE
Title proper/short title Raja sahab /
Remainder of title by Shokat Thanvi
260 ## - PUBLICATION, DISTRIBUTION, ETC. (IMPRINT)
Name of publisher, distributor, etc محمود پبلشنگ ہاؤس
Place of publication, distribution, etc دہلی
Date of publication, distribution, etc 1965
270 ## - ADDRESS
City دہلی
Address اردو بازار
300 ## - PHYSICAL DESCRIPTION
Extent 128p.
Dimensions 18cm(Hb)
650 ## - SUBJECT ADDED ENTRY--TOPICAL TERM
Topical term or geographic name as entry element ادب -- اردو
650 ## - SUBJECT ADDED ENTRY--TOPICAL TERM
Topical term or geographic name as entry element اردو ڈرامے
650 ## - SUBJECT ADDED ENTRY--TOPICAL TERM
Topical term or geographic name as entry element Literature -- Hindi
650 ## - SUBJECT ADDED ENTRY--TOPICAL TERM
Topical term or geographic name as entry element Urdu drame
942 ## - ADDED ENTRY ELEMENTS (KOHA)
Source of classification or shelving scheme Dewey Decimal Classification
Item type Urdu Bks
Classification part 847
Call number suffix ش و ک
Holdings
Withdrawn status Lost status Not for loan Home library Current library Date acquired Source of acquisition Cost, normal purchase price Full call number Barcode Copy number Cost, replacement price Koha item type
      Central Library Central Library 20/01/2016 Cen Lib/Ret 0.00 847 ش و ک 327412 1 0.00 Urdu Bks

© Delhi Public Library
Hit Counter
free hit counter